Country Capitals from 'D' by Images - Statistics

General Stats
  • This quiz has been taken 22 times
  • The average score is 7 of 9
Answer Stats
Picture Answer % Correct
Damascus
93%
Doha
86%
Dili
79%
Dodoma
79%
Dushanbe
79%
Dublin
71%
Dakar
64%
Dhaka
64%
Djibouti
50%
No matching quizzes found
Score Distribution
Percent of People with Each Score
Percentile by Number Answered
Your Score History
You have not taken this quiz